000 00815nam a22002657a 4500
003 CHAP
005 20220329134808.0
008 971013s1970 r 00010 d
010 _a26070
011 _a27042
035 _a31143
040 _cCHAP
082 _a631.4913
_bB8 1970
100 0 0 _aBuringh, P.
_916191
245 _aIntroduction to the study of soils in tropical and subtropical regions
250 _a2 ed.
260 _aWageningen :
_bCentre for Agricultural Publishing and Documentation,
_c1970
300 _a99 p.
_b: ilus.
590 _aBATCH-UPD
_b10
_c20130110
_lUCH01
_h1919
590 _aCONVERSION
_b10
_c20130109
_lUCH01
_h1315
650 1 4 _aSuelos tropicales.
_9110563
901 _aBK
942 _cLIBRO
949 _a631.4913 B8 1970
_bBC
_cLIBRO
_d33724000080099
_eLIBRO
_h15898
_i31143
_si
999 _c26070
_d26070